| 000 | 00623cam a2200193 4500 | ||
|---|---|---|---|
| 001 | WB3548-14 | ||
| 008 | 000000n1999 000 0 eng u | ||
| 035 | _a(Sirsi) u103052 | ||
| 245 | _aISVA votes for RICS merger | ||
| 260 | _c1999 | ||
| 490 |
_aRICS Press Release _v(pr259) 7 December 1999(2) |
||
| 520 | _aThe ISVA has voted overwhelmingly in favour of a merger with the RICS. | ||
| 590 | _aWB | ||
| 650 | _aABOUT RICS-RELATED ORGANISATIONS-INCORPORATED SOCIETY OF VALUERS AND AUCTIONEERS | ||
| 650 | _aRICS | ||
| 650 | _aMERGER | ||
| 690 | _aMANAGEMENT-BUSINESS MANAGEMENT-PROFESSIONAL PRACTICE | ||
| 942 | _n0 | ||
| 999 |
_c61924 _d61924 |
||